000 00500nam a22001817a 4500
003 TZ-ArACH
005 20260206141121.0
020 _a9786555594881
050 _aKZ1237
_b.G84 2021
100 _aGuerra, Sidney
245 _aCurso de Direito Internacional Público - 13ª Edição
250 _a13ª Edição
260 _aSao Paolo (Brazil) :
_bSaraiva Jur ;
_c2021.
300 _a814 p.
_bIllustrations
504 _aReferences
650 _aInternational law
_vStudy Courses
942 _2lcc
_cBOOK
999 _c7804
_d7804